000 00695cab a2200253 4500
001 ABS52743
008 090401t1995 xxu||||| |||| 00| 0 eng d
035 _a(Sirsi) u93948
041 _aeng
100 _aPalmer, C.
245 _aTransfer for a lease of life
260 _c1995
350 _a0
490 _aAccountancy Age
_v16 March 1995, 14-15(2)
520 _aCriticises the 25-year lease as a straitjacket preventing the recovery of the market.
650 _a25-YEAR LEASES
650 _aLEASE STRUCTURE
650 _aLEASES
650 _aPROPERTY MARKET
650 _aRELOCATION
690 _aLANDLORD AND TENANT-BUSINESS TENANCIES
942 _n0
948 _c04/03/1997
999 _c59539
_d59539